[Event "Trofeo abierto Universidad de Jaen 2025"]
[Site "Maestra, 16 (Palacio de Cultura)"]
[Date "2025.04.05"]
[Round "3.2"]
[White "Latorre Plaza, Sergio"]
[Black "Gutierrez Espinosa, Karen"]
[Result "0-1"]
[TimeControl "10' + 5\""]
[WhiteFideId "54547466"]
[BlackFideId "3513238"]
[WhiteElo "1761"]
[BlackElo "2033"]

1. d4 {[%clk 00:10:08]} Nf6 {[%clk 00:10:07]} {[%emt 00:00:03]} 2. Nf3 {[%clk
00:10:10]} {[%emt 00:00:02]} e6 {[%clk 00:10:10]} {[%emt 00:00:03]} 3. c4
{[%clk 00:10:10]} {[%emt 00:00:05]} d5 {[%clk 00:10:08]} {[%emt 00:00:07]} 4.
g3 {[%clk 00:10:05]} {[%emt 00:00:10]} Be7 {[%clk 00:10:06]} {[%emt 00:00:07]}
5. Bg2 {[%clk 00:10:07]} {[%emt 00:00:03]} O-O {[%clk 00:10:08]} {[%emt
00:00:03]} 6. O-O {[%clk 00:10:09]} {[%emt 00:00:04]} c6 {[%clk 00:10:05]}
{[%emt 00:00:09]} 7. Qc2 {[%clk 00:09:25]} {[%emt 00:00:49]} Nbd7 {[%clk
00:09:59]} {[%emt 00:00:11]} 8. Bf4 {[%clk 00:08:44]} {[%emt 00:00:46]} b6
{[%clk 00:09:59]} {[%emt 00:00:05]} 9. Nbd2 {[%clk 00:07:25]} {[%emt 00:01:22]}
Bb7 {[%clk 00:09:49]} {[%emt 00:00:16]} 10. Rfd1 {[%clk 00:07:08]} {[%emt
00:00:22]} Rc8 {[%clk 00:09:07]} {[%emt 00:00:47]} 11. Rac1 {[%clk 00:07:02]}
{[%emt 00:00:11]} c5 {[%clk 00:08:38]} {[%emt 00:00:34]} 12. Qd3 {[%clk
00:04:55]} {[%emt 00:02:11]} cxd4 {[%clk 00:07:03]} {[%emt 00:01:40]} 13. cxd5
{[%clk 00:04:44]} {[%emt 00:00:16]} Bxd5 {[%clk 00:05:36]} {[%emt 00:01:33]} 14.
Qxd4 {[%clk 00:03:47]} {[%emt 00:01:03]} Bc5 {[%clk 00:05:25]} {[%emt
00:00:16]} 15. Qa4 {[%clk 00:03:49]} {[%emt 00:00:03]} Ng4 {[%clk 00:04:56]}
{[%emt 00:00:33]} 16. e3 {[%clk 00:03:18]} {[%emt 00:00:36]} e5 {[%clk
00:03:51]} {[%emt 00:01:11]} 17. Bg5 {[%clk 00:03:11]} {[%emt 00:00:12]} f6
{[%clk 00:03:43]} {[%emt 00:00:13]} 18. Qxg4 {[%clk 00:03:01]} {[%emt
00:00:15]} fxg5 {[%clk 00:03:37]} {[%emt 00:00:10]} 19. Nb3 {[%clk 00:01:20]}
{[%emt 00:01:46]} Nf6 {[%clk 00:02:08]} {[%emt 00:01:34]} 20. Qxg5 {[%clk
00:01:05]} {[%emt 00:00:20]} Qe7 {[%clk 00:01:07]} {[%emt 00:01:06]} 21. Qxe5
{[%clk 00:00:59]} {[%emt 00:00:11]} Be4 {[%clk 00:00:12]} {[%emt 00:01:01]} 22.
Nxc5 {[%clk 00:00:51]} {[%emt 00:00:14]} Qxe5 {[%clk 00:00:09]} {[%emt
00:00:08]} 23. Nxe5 {[%clk 00:00:54]} {[%emt 00:00:01]} Rxc5 {[%clk 00:00:07]}
{[%emt 00:00:07]} 24. Rxc5 {[%clk 00:00:56]} {[%emt 00:00:03]} bxc5 {[%clk
00:00:12]} {[%emt 00:00:01]} 25. Rc1 {[%clk 00:00:57]} {[%emt 00:00:04]} Rc8
{[%clk 00:00:14]} {[%emt 00:00:03]} 26. Bh3 {[%clk 00:00:45]} {[%emt 00:00:17]}
Rc7 {[%clk 00:00:18]} 27. Be6+ {[%clk 00:00:47]} {[%emt 00:00:02]} Kf8 {[%clk
00:00:20]} {[%emt 00:00:04]} 28. f3 {[%clk 00:00:45]} {[%emt 00:00:07]} Bd5
{[%clk 00:00:22]} {[%emt 00:00:03]} 29. Bxd5 {[%clk 00:00:38]} {[%emt
00:00:13]} Nxd5 {[%clk 00:00:26]} {[%emt 00:00:01]} 30. Kf2 {[%clk 00:00:41]}
{[%emt 00:00:01]} Ke7 {[%clk 00:00:23]} {[%emt 00:00:08]} 31. a3 {[%clk
00:00:41]} {[%emt 00:00:06]} Ke6 {[%clk 00:00:25]} {[%emt 00:00:02]} 32. Nd3
{[%clk 00:00:33]} {[%emt 00:00:13]} c4 {[%clk 00:00:26]} {[%emt 00:00:05]} 33.
Nf4+ {[%clk 00:00:37]} Nxf4 {[%clk 00:00:26]} {[%emt 00:00:05]} 34. exf4 {[%clk
00:00:40]} {[%emt 00:00:01]} Kd5 {[%clk 00:00:28]} {[%emt 00:00:03]} 35. Rd1+
{[%clk 00:00:40]} {[%emt 00:00:04]} Kc5 {[%clk 00:00:31]} {[%emt 00:00:02]} 36.
Ke3 {[%clk 00:00:36]} {[%emt 00:00:09]} Rb7 {[%clk 00:00:35]} {[%emt 00:00:02]}
37. Rd2 {[%clk 00:00:38]} {[%emt 00:00:03]} Re7+ {[%clk 00:00:35]} {[%emt
00:00:05]} 38. Kf2 {[%clk 00:00:41]} {[%emt 00:00:02]} Kb5 {[%clk 00:00:35]}
{[%emt 00:00:05]} 39. Rd5+ {[%clk 00:00:19]} {[%emt 00:00:27]} Ka4 {[%clk
00:00:38]} {[%emt 00:00:02]} 40. Rc5 {[%clk 00:00:23]} {[%emt 00:00:01]} Kb3
{[%clk 00:00:41]} {[%emt 00:00:02]} 41. g4 {[%clk 00:00:21]} {[%emt 00:00:06]}
a6 {[%clk 00:00:41]} {[%emt 00:00:06]} 42. Kg3 {[%clk 00:00:24]} {[%emt
00:00:02]} Re2 {[%clk 00:00:42]} {[%emt 00:00:03]} 43. Rc7 {[%clk 00:00:25]}
{[%emt 00:00:04]} Rxb2 {[%clk 00:00:46]} {[%emt 00:00:02]} 44. Rxg7 {[%clk
00:00:28]} {[%emt 00:00:02]} Kxa3 {[%clk 00:00:33]} {[%emt 00:00:18]} 45. f5
{[%clk 00:00:28]} {[%emt 00:00:05]} Rb5 {[%clk 00:00:31]} {[%emt 00:00:07]} 46.
Rc7 {[%clk 00:00:28]} {[%emt 00:00:04]} Kb4 {[%clk 00:00:36]} {[%emt 00:00:01]}
47. f6 {[%clk 00:00:25]} {[%emt 00:00:08]} c3 {[%clk 00:00:30]} {[%emt
00:00:10]} 48. f7 {[%clk 00:00:17]} {[%emt 00:00:13]} Rb8 {[%clk 00:00:34]} 49.
Rb7+ {[%clk 00:00:16]} {[%emt 00:00:06]} Rxb7 {[%clk 00:00:31]} {[%emt
00:00:09]} 50. f8=Q+ {[%clk 00:00:18]} {[%emt 00:00:02]} Kb3 {[%clk 00:00:33]}
{[%emt 00:00:03]} 51. Qg8+ {[%clk 00:00:15]} {[%emt 00:00:08]} Kb2 {[%clk
00:00:33]} {[%emt 00:00:05]} 52. Qc8 {[%clk 00:00:15]} {[%emt 00:00:05]} Rb3
{[%clk 00:00:35]} {[%emt 00:00:03]} 53. Qxa6 {[%clk 00:00:16]} {[%emt
00:00:04]} c2 {[%clk 00:00:39]} {[%emt 00:00:01]} 54. Qe2 {[%clk 00:00:19]}
{[%emt 00:00:02]} Kb1 {[%clk 00:00:42]} {[%emt 00:00:03]} 55. Qe1+ {[%clk
00:00:08]} {[%emt 00:00:15]} c1=Q {[%clk 00:00:41]} {[%emt 00:00:05]} 56. Qxc1+
{[%clk 00:00:12]} {[%emt 00:00:02]} Kxc1 {[%clk 00:00:45]} {[%emt 00:00:01]} 57.
h4 {[%clk 00:00:15]} {[%emt 00:00:02]} Kd2 {[%clk 00:00:47]} {[%emt 00:00:03]}
58. g5 {[%clk 00:00:19]} {[%emt 00:00:01]} Ke3 {[%clk 00:00:33]} {[%emt
00:00:19]} 59. Kg4 {[%clk 00:00:20]} {[%emt 00:00:04]} Rb4+ {[%clk 00:00:36]}
{[%emt 00:00:02]} 60. Kh5 {[%clk 00:00:24]} {[%emt 00:00:01]} Kxf3 {[%clk
00:00:35]} {[%emt 00:00:06]} 61. Kh6 {[%clk 00:00:28]} {[%emt 00:00:01]} Rxh4+
{[%clk 00:00:37]} {[%emt 00:00:03]} 62. Kg7 {[%clk 00:00:31]} {[%emt 00:00:02]}
Kf4 {[%clk 00:00:39]} {[%emt 00:00:04]} 0-1

[Event "Trofeo abierto Universidad de Jaen 2025"]
[Site "Maestra, 16 (Palacio de Cultura)"]
[Date "2025.04.05"]
[Round "3.3"]
[White "Cano Padilla, Ruben Jesus"]
[Black "Catedra Diaz, Pedro"]
[Result "1-0"]
[TimeControl "10' + 5\""]
[WhiteFideId "2253526"]
[BlackFideId "22220542"]
[WhiteElo "1974"]
[BlackElo "1760"]

1. e4 {[%clk 00:10:07]} {[%emt 00:00:03]} e5 {[%clk 00:10:09]} {[%emt
00:00:02]} 2. Nf3 {[%clk 00:10:10]} {[%emt 00:00:01]} Nc6 {[%clk 00:10:13]}
{[%emt 00:00:01]} 3. d4 {[%clk 00:10:14]} {[%emt 00:00:01]} exd4 {[%clk
00:10:13]} {[%emt 00:00:05]} 4. Nxd4 {[%clk 00:10:17]} {[%emt 00:00:02]} Qf6
{[%clk 00:10:15]} {[%emt 00:00:03]} 5. Nb5 {[%clk 00:08:45]} {[%emt 00:01:37]}
Qe5 {[%clk 00:09:04]} {[%emt 00:01:15]} 6. N1c3 {[%clk 00:08:18]} {[%emt
00:00:31]} Bb4 {[%clk 00:08:54]} {[%emt 00:00:16]} 7. f4 {[%clk 00:06:14]}
{[%emt 00:02:09]} Bxc3+ {[%clk 00:08:42]} {[%emt 00:00:17]} 8. Nxc3 {[%clk
00:06:13]} {[%emt 00:00:06]} Qd4 {[%clk 00:08:32]} {[%emt 00:00:15]} 9. Qe2
{[%clk 00:06:13]} {[%emt 00:00:05]} Nge7 {[%clk 00:07:55]} {[%emt 00:00:42]} 10.
Be3 {[%clk 00:06:07]} {[%emt 00:00:11]} Qb4 {[%clk 00:07:19]} {[%emt 00:00:42]}
11. O-O-O {[%clk 00:06:02]} {[%emt 00:00:09]} O-O {[%clk 00:06:27]} {[%emt
00:00:57]} 12. Qh5 {[%clk 00:04:37]} {[%emt 00:01:30]} a5 {[%clk 00:05:56]}
{[%emt 00:00:36]} 13. a3 {[%clk 00:03:55]} {[%emt 00:00:47]} g6 {[%clk
00:05:15]} {[%emt 00:00:46]} 14. Qh6 {[%clk 00:02:37]} {[%emt 00:01:23]} Nf5
{[%clk 00:05:00]} {[%emt 00:00:20]} 15. exf5 {[%clk 00:02:33]} {[%emt
00:00:09]} Qe7 {[%clk 00:04:57]} {[%emt 00:00:07]} 16. Bf2 {[%clk 00:01:19]}
{[%emt 00:01:19]} d6 {[%clk 00:03:54]} {[%emt 00:01:09]} 17. Nd5 {[%clk
00:01:08]} {[%emt 00:00:16]} Qd8 {[%clk 00:03:02]} {[%emt 00:00:56]} 18. f6
{[%clk 00:01:11]} {[%emt 00:00:02]} 1-0

[Event "Trofeo abierto Universidad de Jaen 2025"]
[Site "Maestra, 16 (Palacio de Cultura)"]
[Date "2025.04.05"]
[Round "3.4"]
[White "Moya Gonzalez, Jesus"]
[Black "Plazas Sanchez, Ruben"]
[Result "1-0"]
[TimeControl "10' + 5\""]
[WhiteFideId "24560448"]
[BlackFideId "94772851"]
[WhiteElo "1752"]
[BlackElo "1961"]

1. d4 {[%clk 00:10:08]} f5 {[%clk 00:10:06]} {[%emt 00:00:05]} 2. c4 {[%clk
00:10:10]} {[%emt 00:00:03]} Nf6 {[%clk 00:10:09]} {[%emt 00:00:02]} 3. Nc3
{[%clk 00:10:12]} {[%emt 00:00:02]} e6 {[%clk 00:10:12]} {[%emt 00:00:02]} 4.
Bg5 {[%clk 00:10:12]} {[%emt 00:00:05]} Bb4 {[%clk 00:10:15]} {[%emt 00:00:03]}
5. Nf3 {[%clk 00:10:11]} {[%emt 00:00:05]} b6 {[%clk 00:10:18]} {[%emt
00:00:02]} 6. g3 {[%clk 00:10:14]} {[%emt 00:00:02]} Bb7 {[%clk 00:10:22]}
{[%emt 00:00:02]} 7. Bg2 {[%clk 00:10:16]} {[%emt 00:00:02]} Bxc3+ {[%clk
00:10:18]} {[%emt 00:00:09]} 8. bxc3 {[%clk 00:10:19]} {[%emt 00:00:03]} O-O
{[%clk 00:10:20]} {[%emt 00:00:03]} 9. O-O {[%clk 00:10:19]} {[%emt 00:00:05]}
d6 {[%clk 00:10:13]} {[%emt 00:00:11]} 10. Rb1 {[%clk 00:09:19]} {[%emt
00:01:06]} Nbd7 {[%clk 00:10:05]} {[%emt 00:00:13]} 11. Re1 {[%clk 00:07:58]}
{[%emt 00:01:25]} h6 {[%clk 00:10:09]} {[%emt 00:00:01]} 12. Bd2 {[%clk
00:07:07]} {[%emt 00:00:57]} Ne4 {[%clk 00:09:49]} {[%emt 00:00:24]} 13. Qc2
{[%clk 00:05:55]} {[%emt 00:01:17]} Nxd2 {[%emt 00:01:42]} 14. Qxd2 {[%clk
00:05:13]} {[%emt 00:00:17]} Qe8 {[%clk 00:08:32]} {[%emt 00:00:16]} 15. Red1
{[%clk 00:04:20]} {[%emt 00:00:58]} Rb8 {[%clk 00:07:59]} {[%emt 00:00:38]} 16.
Qb2 {[%clk 00:02:15]} {[%emt 00:02:10]} e5 {[%clk 00:07:14]} {[%emt 00:00:50]}
17. Qa3 {[%clk 00:00:28]} {[%emt 00:01:52]} a5 {[%clk 00:07:14]} {[%emt
00:00:05]} 18. Qa4 {[%clk 00:00:24]} {[%emt 00:00:09]} Qe7 {[%clk 00:06:02]}
{[%emt 00:01:17]} 19. e3 {[%clk 00:00:17]} {[%emt 00:00:12]} Nf6 {[%clk
00:05:12]} {[%emt 00:00:55]} 20. Rb5 {[%clk 00:00:10]} {[%emt 00:00:11]} Bc6
{[%clk 00:04:55]} {[%emt 00:00:23]} 21. Qb3 {[%clk 00:00:10]} {[%emt 00:00:05]}
Bxb5 22. cxb5+ {[%clk 00:00:14]} Kh8 {[%clk 00:04:59]} {[%emt 00:00:02]} 23.
Re1 {[%clk 00:00:10]} {[%emt 00:00:09]} e4 {[%clk 00:04:10]} {[%emt 00:00:54]}
24. Nd2 {[%clk 00:00:10]} {[%emt 00:00:05]} Qf7 {[%clk 00:03:56]} {[%emt
00:00:19]} 25. Qxf7 {[%clk 00:00:12]} {[%emt 00:00:03]} Rxf7 {[%clk 00:04:00]}
{[%emt 00:00:02]} 26. Bh3 {[%clk 00:00:14]} {[%emt 00:00:03]} Nd7 {[%clk
00:03:54]} {[%emt 00:00:11]} 27. Rf1 {[%clk 00:00:10]} {[%emt 00:00:09]} g5
{[%clk 00:03:57]} {[%emt 00:00:02]} 28. f3 {[%clk 00:00:12]} {[%emt 00:00:03]}
exf3 {[%clk 00:03:52]} {[%emt 00:00:10]} 29. Rxf3 {[%clk 00:00:13]} {[%emt
00:00:02]} Rbf8 {[%clk 00:03:53]} {[%emt 00:00:07]} 30. Rf1 {[%clk 00:00:15]}
{[%emt 00:00:03]} g4 {[%clk 00:03:19]} {[%emt 00:00:38]} 31. Bg2 {[%clk
00:00:18]} {[%emt 00:00:02]} Kg7 {[%clk 00:03:16]} {[%emt 00:00:08]} 32. Bc6
{[%clk 00:00:07]} {[%emt 00:00:16]} Nb8 {[%clk 00:03:19]} {[%emt 00:00:02]} 33.
Bd5 {[%clk 00:00:11]} {[%emt 00:00:01]} Rf6 {[%clk 00:03:23]} {[%emt 00:00:01]}
34. Nb3 {[%clk 00:00:07]} {[%emt 00:00:09]} Re8 {[%clk 00:03:20]} {[%emt
00:00:08]} 35. Re1 {[%clk 00:00:09]} {[%emt 00:00:03]} f4 {[%clk 00:03:18]}
{[%emt 00:00:07]} 36. gxf4 {[%clk 00:00:06]} {[%emt 00:00:08]} Rxf4 {[%clk
00:03:21]} {[%emt 00:00:02]} 37. Nd2 {[%clk 00:00:08]} {[%emt 00:00:04]} Rf5
{[%clk 00:03:15]} {[%emt 00:00:10]} 38. Be4 {[%clk 00:00:10]} {[%emt 00:00:04]}
Rxb5 {[%clk 00:03:15]} {[%emt 00:00:05]} 39. Nc4 {[%clk 00:00:08]} {[%emt
00:00:07]} Rg5 {[%clk 00:03:14]} {[%emt 00:00:05]} 40. Bg2 {[%clk 00:00:07]}
{[%emt 00:00:07]} Nd7 {[%clk 00:03:13]} {[%emt 00:00:05]} 41. Bc6 {[%clk
00:00:10]} {[%emt 00:00:02]} Re7 {[%clk 00:03:17]} {[%emt 00:00:02]} 42. Rf1
{[%clk 00:00:08]} {[%emt 00:00:08]} Nf6 {[%clk 00:03:18]} {[%emt 00:00:04]} 43.
a4 {[%clk 00:00:08]} {[%emt 00:00:05]} Ne4 {[%clk 00:03:17]} {[%emt 00:00:05]}
44. Bxe4 {[%clk 00:00:07]} {[%emt 00:00:06]} Rxe4 {[%clk 00:03:21]} {[%emt
00:00:02]} 45. Kg2 {[%clk 00:00:09]} {[%emt 00:00:03]} Re7 {[%clk 00:03:18]}
{[%emt 00:00:08]} 46. Rf4 {[%clk 00:00:11]} {[%emt 00:00:03]} h5 {[%clk
00:03:21]} {[%emt 00:00:03]} 47. Kf2 {[%clk 00:00:12]} {[%emt 00:00:04]} Rf7
{[%clk 00:03:23]} {[%emt 00:00:03]} 48. Rxf7+ {[%clk 00:00:14]} {[%emt
00:00:03]} Kxf7 {[%clk 00:03:26]} {[%emt 00:00:01]} 49. Kg3 {[%clk 00:00:17]}
{[%emt 00:00:01]} Kg6 {[%clk 00:03:28]} {[%emt 00:00:04]} 50. e4 {[%clk
00:00:20]} {[%emt 00:00:03]} Kh6 {[%clk 00:03:31]} {[%emt 00:00:02]} 51. e5
{[%clk 00:00:20]} {[%emt 00:00:04]} dxe5 {[%emt 00:00:08]} 52. Nxe5 {[%clk
00:00:14]} {[%emt 00:00:07]} Rf5 {[%clk 00:03:32]} {[%emt 00:00:06]} 53. c4
{[%clk 00:00:13]} {[%emt 00:00:07]} Kg5 {[%clk 00:03:34]} {[%emt 00:00:02]} 54.
d5 {[%clk 00:00:12]} {[%emt 00:00:06]} Rxe5 {[%clk 00:03:37]} {[%emt 00:00:02]}
1-0

[Event "Trofeo abierto Universidad de Jaen 2025"]
[Site "Maestra, 16 (Palacio de Cultura)"]
[Date "2025.04.05"]
[Round "3.5"]
[White "Barruz Serrano, Antonio Angel"]
[Black "Lirio Palomino, Javier"]
[Result "1-0"]
[TimeControl "10' + 5\""]
[WhiteFideId "2287994"]
[BlackFideId "54766338"]
[WhiteElo "1919"]
[BlackElo "1749"]

1. e4 {[%clk 00:10:07]} {[%emt 00:00:03]} e5 {[%clk 00:10:09]} {[%emt
00:00:02]} 2. Nf3 {[%clk 00:10:10]} {[%emt 00:00:02]} Nc6 {[%clk 00:10:13]}
{[%emt 00:00:02]} 3. Bc4 {[%clk 00:10:10]} {[%emt 00:00:05]} Bc5 {[%clk
00:10:16]} {[%emt 00:00:03]} 4. O-O {[%clk 00:10:10]} {[%emt 00:00:04]} Nf6
{[%clk 00:10:17]} {[%emt 00:00:04]} 5. d3 {[%clk 00:10:13]} {[%emt 00:00:02]}
a6 {[%clk 00:10:19]} {[%emt 00:00:04]} 6. c3 {[%clk 00:10:15]} {[%emt
00:00:03]} d6 {[%clk 00:10:21]} {[%emt 00:00:02]} 7. h3 {[%clk 00:10:18]}
{[%emt 00:00:02]} Ba7 {[%clk 00:10:23]} {[%emt 00:00:04]} 8. Bb3 {[%clk
00:10:19]} {[%emt 00:00:03]} O-O {[%clk 00:10:24]} {[%emt 00:00:04]} 9. Bg5
{[%clk 00:10:22]} {[%emt 00:00:02]} Re8 {[%clk 00:10:23]} {[%emt 00:00:06]} 10.
Nbd2 {[%clk 00:10:23]} {[%emt 00:00:04]} h6 {[%clk 00:10:21]} {[%emt 00:00:07]}
11. Bh4 {[%clk 00:10:26]} {[%emt 00:00:02]} g5 {[%clk 00:09:45]} {[%emt
00:00:41]} 12. Bg3 {[%clk 00:09:37]} {[%emt 00:00:54]} Be6 {[%clk 00:09:33]}
{[%emt 00:00:17]} 13. Bxe6 {[%clk 00:09:13]} {[%emt 00:00:28]} Rxe6 {[%clk
00:09:29]} {[%emt 00:00:09]} 14. Bh2 {[%clk 00:09:09]} {[%emt 00:00:08]} d5
{[%clk 00:08:44]} {[%emt 00:00:52]} 15. Qe2 {[%clk 00:08:51]} {[%emt 00:00:24]}
d4 {[%clk 00:08:21]} {[%emt 00:00:27]} 16. c4 {[%clk 00:08:47]} {[%emt
00:00:09]} Qd6 {[%clk 00:07:29]} {[%emt 00:00:58]} 17. a3 {[%clk 00:08:34]}
{[%emt 00:00:18]} a5 {[%clk 00:07:18]} {[%emt 00:00:17]} 18. Rfc1 {[%clk
00:07:58]} {[%emt 00:00:41]} Nd7 {[%clk 00:07:03]} {[%emt 00:00:19]} 19. Nf1
{[%clk 00:07:43]} {[%emt 00:00:20]} Nc5 {[%clk 00:06:29]} {[%emt 00:00:40]} 20.
N3d2 {[%clk 00:07:45]} {[%emt 00:00:03]} a4 {[%clk 00:06:10]} {[%emt 00:00:24]}
21. Rab1 {[%clk 00:07:48]} {[%emt 00:00:02]} Na5 {[%clk 00:06:04]} {[%emt
00:00:11]} 22. Ng3 {[%clk 00:07:50]} {[%emt 00:00:02]} Nab3 {[%clk 00:04:28]}
{[%emt 00:01:41]} 23. Rc2 {[%clk 00:07:39]} {[%emt 00:00:16]} Nxd2 {[%clk
00:04:30]} {[%emt 00:00:03]} 24. Qxd2 {[%clk 00:07:40]} {[%emt 00:00:04]} Nb3
{[%clk 00:04:34]} {[%emt 00:00:02]} 25. Qd1 {[%clk 00:07:39]} {[%emt 00:00:04]}
Qe7 {[%clk 00:04:05]} {[%emt 00:00:35]} 26. Nf5 {[%clk 00:07:41]} {[%emt
00:00:03]} Qf6 {[%clk 00:04:08]} {[%emt 00:00:02]} 27. Qh5 {[%clk 00:07:28]}
{[%emt 00:00:18]} Bc5 {[%clk 00:04:04]} {[%emt 00:00:10]} 28. h4 {[%clk
00:07:07]} {[%emt 00:00:25]} Qg6 {[%clk 00:03:57]} {[%emt 00:00:11]} 29. Qg4
{[%clk 00:07:09]} {[%emt 00:00:03]} Kh7 {[%clk 00:02:55]} {[%emt 00:01:08]} 30.
Bg3 {[%clk 00:07:09]} {[%emt 00:00:05]} Rg8 {[%clk 00:02:55]} {[%emt 00:00:04]}
31. h5 {[%clk 00:05:08]} {[%emt 00:02:07]} Qf6 {[%clk 00:02:55]} {[%emt
00:00:05]} 32. f3 {[%clk 00:04:52]} {[%emt 00:00:21]} Qd8 {[%clk 00:02:42]}
{[%emt 00:00:17]} 33. Qh3 {[%clk 00:04:52]} {[%emt 00:00:05]} Rge8 {[%clk
00:02:03]} {[%emt 00:00:45]} 34. Be1 {[%clk 00:04:46]} {[%emt 00:00:10]} Rb6
{[%clk 00:02:06]} {[%emt 00:00:02]} 35. Ng3 {[%clk 00:04:41]} {[%emt 00:00:10]}
Qf6 {[%clk 00:02:02]} {[%emt 00:00:08]} 36. Nf5 {[%clk 00:04:39]} {[%emt
00:00:08]} Rd8 {[%clk 00:01:54]} {[%emt 00:00:13]} 37. Rd1 {[%clk 00:04:43]}
{[%emt 00:00:01]} Qe6 {[%clk 00:01:39]} {[%emt 00:00:19]} 38. Kh1 {[%clk
00:04:46]} {[%emt 00:00:02]} Re8 {[%clk 00:01:42]} {[%emt 00:00:03]} 39. g3
{[%clk 00:04:49]} {[%emt 00:00:01]} Qd7 {[%clk 00:01:34]} {[%emt 00:00:13]} 40.
Qh2 {[%clk 00:04:53]} {[%emt 00:00:01]} Rf6 {[%clk 00:01:16]} {[%emt 00:00:23]}
41. Qh3 {[%clk 00:04:55]} {[%emt 00:00:04]} Qc6 {[%clk 00:01:19]} {[%emt
00:00:02]} 42. Rg2 {[%clk 00:04:56]} {[%emt 00:00:03]} Bd6 {[%clk 00:01:10]}
{[%emt 00:00:15]} 43. Bf2 {[%clk 00:04:08]} {[%emt 00:00:53]} b5 {[%clk
00:01:00]} {[%emt 00:00:15]} 44. cxb5 {[%clk 00:03:59]} {[%emt 00:00:15]} Qxb5
{[%clk 00:01:04]} {[%emt 00:00:01]} 45. Bg1 {[%clk 00:03:57]} {[%emt 00:00:07]}
Qc6 {[%clk 00:00:40]} {[%emt 00:00:29]} 46. Bh2 {[%clk 00:03:53]} {[%emt
00:00:08]} Nc5 {[%clk 00:00:34]} {[%emt 00:00:12]} 47. Rc2 {[%clk 00:03:53]}
{[%emt 00:00:04]} Qb5 {[%clk 00:00:38]} {[%emt 00:00:02]} 48. Qf1 {[%clk
00:03:48]} {[%emt 00:00:10]} Rb8 {[%clk 00:00:39]} {[%emt 00:00:05]} 49. f4
{[%clk 00:03:23]} {[%emt 00:00:29]} Qc6 {[%clk 00:00:18]} {[%emt 00:00:27]} 50.
Re1 {[%clk 00:02:40]} {[%emt 00:00:47]} Rxf5 {[%clk 00:00:21]} {[%emt
00:00:03]} 51. Qe2 {[%clk 00:02:23]} {[%emt 00:00:22]} Re8 {[%clk 00:00:13]}
{[%emt 00:00:13]} 52. Qg4 {[%clk 00:02:05]} {[%emt 00:00:24]} Rf6 {[%clk
00:00:17]} {[%emt 00:00:02]} 53. Rec1 {[%clk 00:01:43]} {[%emt 00:00:26]} Qb5
{[%clk 00:00:17]} {[%emt 00:00:05]} 54. fxe5 {[%clk 00:01:35]} {[%emt
00:00:13]} Bxe5 {[%clk 00:00:13]} {[%emt 00:00:09]} 55. Rxc5 {[%clk 00:01:37]}
{[%emt 00:00:03]} Qxd3 {[%clk 00:00:16]} {[%emt 00:00:02]} 56. R5c2 {[%clk
00:01:17]} {[%emt 00:00:25]} Rf3 {[%clk 00:00:10]} {[%emt 00:00:11]} 57. Rg2
{[%clk 00:01:10]} {[%emt 00:00:11]} Qe3 {[%clk 00:00:13]} {[%emt 00:00:03]} 58.
Rd1 {[%clk 00:00:56]} {[%emt 00:00:18]} d3 {[%clk 00:00:17]} {[%emt 00:00:01]}
59. Bg1 {[%clk 00:00:58]} {[%emt 00:00:03]} Rxg3 {[%emt 00:00:19]} 60. Bxe3
{[%emt 00:00:02]} 1-0